000 00797cam a22002773a 4500
001 293
003 PGUSA
005 20140828082946.0
008 060315s2006||||xxu|||||s|||||000 1 eng d
040 _aPGUSA
_beng
042 _adc
050 4 _aPZ
050 4 _aPS
100 1 _aAlger, Horatio,
_d1832-1899
245 1 0 _aPaul Prescott's Charge
_h[electronic resource] /
_cHoratio Alger
260 _bProject Gutenberg,
_c2006
506 _aPublic domain in the USA.
516 _aElectronic text
653 _aOrphans -- Fiction
653 _aConduct of life -- Fiction
653 _aNew York (N.Y.) -- History -- 19th century -- Fiction
653 _aRunaway teenagers -- Fiction
830 0 _aProject Gutenberg
_v293
856 4 0 _uhttp://www.gutenberg.org/ebooks/293
942 _cEB
999 _c229644
_d229644